000 00402nam a2200145Ia 4500
008 090123s9999 xx 000 0 und d
082 _b25634
245 _aकिरीगी का कहर
250 _a0
260 _bराज पॉकेट बुक्स
300 _a64
630 _aकिरीगी का कहर
730 _aकिरीगी का कहर
942 _cBOOK
999 _c63705
_d63705